|
|
|
|
| LEADER |
01129nam a2200301 a 4500 |
| 001 |
2615 |
| 003 |
BD-DhAAL |
| 008 |
090430s1981 vaua b 001 0 eng d |
| 999 |
|
|
|c 307
|d 307
|
| 010 |
|
|
|a 81001955
|
| 020 |
|
|
|a 0809437600
|
| 020 |
|
|
|a 0809437597 (lib. bdg.)
|
| 020 |
|
|
|a 0809437589 (ret. ed.)
|
| 040 |
|
|
|a DLC
|c DLC
|d DLC
|
| 082 |
0 |
0 |
|a 616.205
|2 19
|
| 100 |
1 |
|
|a Murphy, Wendy B.
|9 41649
|
| 245 |
1 |
0 |
|a Coping with the common cold /
|c by Wendy Murphy and the editors of Time-Life Books.
|
| 260 |
|
|
|a Alexandria, Va. :
|b Time-Life Books,
|c c1981.
|
| 300 |
|
|
|a 176 pages :
|b illustrations (some colors) ;
|c 27 cm.
|
| 490 |
0 |
|
|a Library of health
|
| 504 |
|
|
|a Includes bibliographical references (pages 170-171) and index.
|
| 541 |
1 |
|
|e 2615
|
| 650 |
|
0 |
|a Cold (Disease)
|9 41650
|
| 650 |
|
0 |
|a Influenza.
|9 41651
|
| 710 |
2 |
|
|a Time-Life Books.
|9 41652
|
| 852 |
|
|
|a Ayesha Abed Library
|c General Stacks
|
| 942 |
|
|
|2 ddc
|c BK
|
| 952 |
|
|
|0 0
|1 0
|2 ddc
|4 0
|6 616_205000000000000_MUR_1981
|7 0
|9 283
|a BRACUL
|b BRACUL
|c GEN
|d 2009-04-30
|g 0.00
|l 0
|o 616.205 MUR
|p 3010002615
|r 2009-04-30
|t 1
|w 2009-04-30
|y BK
|x No price found in the accession register.
|